Trend vývoja finančných trhov a svetovej ekonomiky
V určovaní trendov finančných trhov sú dôležité okrem iných aj psychologické a geopolitické faktory. Na základe uvedeného sa v roku 2017 svetové finančné trhy vyznačovali extrémne nízkou hladinou volatility, ktorú neskôr narušili pnutia na politickej scéne.
Uložené v:
| Hlavný autor: | |
|---|---|
| Médium: | Kapitola |
| Jazyk: | Slovak |
| Predmet: | |
| Tagy: |
Žiadne tagy, Buďte prvý, kto otaguje tento záznam!
|
MARC
| LEADER | 00000nla a2200000 4500 | ||
|---|---|---|---|
| 001 | 0240081 | ||
| 005 | 20240502073908.1 | ||
| 041 | 0 | |a slo | |
| 044 | |a SK | ||
| 245 | 1 | 0 | |a Trend vývoja finančných trhov a svetovej ekonomiky |c Miloš Bikár |
| 520 | |a V určovaní trendov finančných trhov sú dôležité okrem iných aj psychologické a geopolitické faktory. Na základe uvedeného sa v roku 2017 svetové finančné trhy vyznačovali extrémne nízkou hladinou volatility, ktorú neskôr narušili pnutia na politickej scéne. | ||
| 610 | 2 | 0 | |a trh finančný medzinárodný |
| 610 | 2 | 0 | |a vývoj |
| 610 | 2 | 0 | |a trh burzový |
| 610 | 2 | 0 | |a riziko finančné |
| 610 | 2 | 0 | |a stabilita finančná |
| 610 | 2 | 0 | |a volatilita |
| 610 | 2 | 0 | |a indexy akciové |
| 610 | 2 | 0 | |a ukazovatele ekonomické |
| 100 | 1 | |a Bikár, Miloš, 1973- | |